Spain by Picture - Statistics

General Stats
  • This quiz has been taken 14,827 times
    14,796 since last reset
  • The average score is 12 of 18
Answer Stats
Picture Hint Answer % Correct
food Paella
83%
painter Pablo Picasso
82%
food Churros
81%
type of performer Torero
80%
athlete Rafael Nadal
78%
mountain range Pyrenees
77%
island chain Canary Islands
76%
event Running of the Bulls
71%
church Sagrada Família
71%
type of music / dance Flamenco
70%
actress Penélope Cruz
68%
famous novel Don Quixote
67%
food Gazpacho
67%
city Bilbao
66%
city Granada
51%
type of ship Galleon
41%
city Toledo
34%
national hero El Cid
26%
No matching quizzes found
Score Distribution
Percent of People with Each Score
Percentile by Number Answered
Your Score History
You have not taken this quiz since the last reset